000 00683cam a22002052 4500
001 0000008798
005 20151217152041.0
008 080605s xx 000 0 eng d
020 _a0470124178 :
_cKES 2043
040 _aKABU
_cKABU
100 1 _aWeber, Larry.
_@0000159547
245 1 0 _aMarketing to the social web :
_bhow digital customer communities build your business /
_c Larry Weber.
260 _aHoboken, NJ. :
_bJ. Wiley,
_c2007.
300 _aix, 230 p.
650 0 _aInternet marketing.
_@0000151441
650 0 _aSocial networks
_xComputer network resources.
_@0000159548
908 _a080605
950 _@1
999 _c7729
_d7729